000 01234nam a2200337 i 4500
003 EG-GICUC
005 20260121101520.0
008 251217s2000 ua ||||fr|||| 001 0 ara d
040 _a EG-GICUC
_bara
_c EG-GICUC
_d EG-GICUC
_erda
041 _aara
082 0 4 _221
_a343.6
_bع م . ع
092 0 4 _221
099 _aLaw1 10 343.6 ع م . ع 3 ed - 2000
100 0 _aعمر افاروق الحسيني
_eمؤلف.
245 1 0 _aعلم الإجرام وعلم العقاب /
_cعمر افاروق الحسيني.
250 _aالطبعة الثالثة
264 1 _a[مكان النشر غير محدد] :
_b[ الناشر غير محدد],
_c2000.
300 _a 583 صفحة ؛
_c24 سم.
336 _2rda content
_atext
337 _2rda media
_aComputer
338 _2rda carrier
_aOnline Resource
500 _aيحتوي على فهرس بالموضوعات
504 _aيحتوي على ارجاعات ببليوجرافية
546 _aالنص باللغة العربية
650 1 4 _aعلم الإجرام
_2qrmak
650 1 4 _aعلم العقاب
_2qrmak
651 1 _2qrmak
856 4 0 _uhttps://fll.law.cu.edu.eg/fulltext/bksB10-07280.pdf
905 _a75
_eHassnaa
942 _2ddc
_cBK
_e21
_n0
999 _c51373
_d51373